[Event "DVM U14 2014"]
[Site "Regensburg GER"]
[Date "2014.12.28"]
[Round "4"]
[White "Fieberg, Samuel"]
[Black "Linnert, Niklas"]
[Result "1-0"]
[Termination "normal"]
[Board "1.1"]
[WhiteElo "2064"]
[BlackElo "1541"]
[WhiteClock "00:53:21"]
[BlackClock "00:57:41"]
[WhiteTeam "SG Porz"]
[BlackTeam "SK König Plauen"]
[PlyCount "87"]
[WhiteFideId "12901717"]
[BlackFideId "12974781"]
[EventCountry "GER"]
[EventRounds "7"]
[EventType "team-swiss"]
[EventDate "2014.12.26"]

1. e4 {[%clk 1:30:58]} c5 {[%clk 1:30:52]} 2. Nf3 {[%clk 1:31:24]} Nc6 {[%clk
1:31:03]} 3. d4 {[%clk 1:31:47]} cxd4 {[%clk 1:31:29]} 4. Nxd4 {[%clk 1:32:13]}
Nf6 {[%clk 1:31:50]} 5. Nc3 {[%clk 1:32:39]} d6 {[%clk 1:32:05]} 6. Be2 {[%clk
1:32:33]} a6 {[%clk 1:32:09]} 7. O-O {[%clk 1:32:48]} e6 {[%clk 1:32:23]} 8.
Be3 {[%clk 1:33:04]} Be7 {[%clk 1:32:44]} 9. a4 {[%clk 1:33:14]} Qc7 {[%clk
1:32:39]} 10. f4 {[%clk 1:32:36]} e5 {[%clk 1:29:12]} 11. fxe5 {[%clk 1:23:26]}
dxe5 {[%clk 1:29:18]} 12. Nb3 {[%clk 1:21:59]} Be6 {[%clk 1:29:07]} 13. Nd5
{[%clk 1:17:04]} Bxd5 {[%clk 1:28:44]} 14. exd5 {[%clk 1:16:38]} Rd8 {[%clk
1:28:03]} 15. c4 {[%clk 1:16:56]} Nb8 {[%clk 1:27:47]} 16. a5 {[%clk 1:13:07]}
Nbd7 {[%clk 1:26:22]} 17. Kh1 {[%clk 1:12:00]} O-O {[%clk 1:24:21]} 18. Qe1
{[%clk 1:11:44]} Nc5 {[%clk 1:23:30]} 19. Nxc5 {[%clk 1:10:42]} Bxc5 20. Bxc5
{[%clk 1:11:06]} Qxc5 {[%clk 1:24:21]} 21. b4 {[%clk 1:11:01]} Qe7 {[%clk
1:23:51]} 22. Bd1 {[%clk 1:06:39]} Rc8 {[%clk 1:23:03]} 23. Bb3 {[%clk
1:07:02]} Rfd8 {[%clk 1:23:29]} 24. Rd1 {[%clk 1:07:13]} e4 {[%clk 1:15:28]}
25. c5 {[%clk 1:01:44]} Qe5 {[%clk 1:13:59]} 26. d6 {[%clk 0:59:52]} Rd7 {[%clk
1:10:57]} 27. Qe2 {[%clk 0:53:46]} Qc3 {[%clk 1:07:17]} 28. Qc4 {[%clk
0:53:33]} Qxc4 {[%clk 1:07:19]} 29. Bxc4 {[%clk 0:53:58]} e3 {[%clk 1:07:30]}
30. Rfe1 {[%clk 0:53:06]} Ng4 {[%clk 1:04:31]} 31. Rd4 {[%clk 0:52:42]} Ne5
{[%clk 1:03:12]} 32. Rxe3 {[%clk 0:51:17]} Nc6 {[%clk 1:02:55]} 33. Rde4 {[%clk
0:51:41]} g6 {[%clk 1:02:38]} 34. Bd5 {[%clk 0:51:28]} Kg7 {[%clk 1:02:02]} 35.
Bxc6 {[%clk 0:51:25]} bxc6 {[%clk 1:02:03]} 36. Re7 {[%clk 0:51:47]} Rcd8
{[%clk 1:01:01]} 37. Rxd7 {[%clk 0:52:10]} Rxd7 {[%clk 1:01:30]} 38. Re7 {[%clk
0:52:28]} Rd8 {[%clk 1:01:43]} 39. Rc7 {[%clk 0:52:17]} Rb8 {[%clk 1:00:49]}
40. Rxc6 {[%clk 0:52:20]} Rxb4 {[%clk 1:01:09]} 41. h3 {[%clk 0:52:46]} Kf6
{[%clk 0:59:41]} 42. Rc7 {[%clk 0:52:39]} Rd4 {[%clk 0:57:16]} 43. d7 {[%clk
0:52:57]} Ke7 {[%clk 0:57:41]} 44. c6 {[%clk 0:53:21]} 1-0

[Event "DVM U14 2014"]
[Site "Regensburg GER"]
[Date "2014.12.28"]
[Round "4"]
[White "Graf, Lucas"]
[Black "Ramien, David"]
[Result "0-1"]
[Termination "normal"]
[Board "1.2"]
[WhiteElo "1523"]
[BlackElo "1985"]
[WhiteClock "00:11:12"]
[BlackClock "00:22:55"]
[WhiteTeam "SK König Plauen"]
[BlackTeam "SG Porz"]
[PlyCount "72"]
[WhiteFideId "12974889"]
[BlackFideId "12948241"]
[EventCountry "GER"]
[EventRounds "7"]
[EventType "team-swiss"]
[EventDate "2014.12.26"]

1. e4 {[%clk 1:30:58]} g6 {[%clk 1:30:55]} 2. d4 {[%clk 1:30:41]} Bg7 {[%clk
1:31:17]} 3. f4 {[%clk 1:23:12]} d6 {[%clk 1:31:37]} 4. Be2 {[%clk 1:23:52]}
Nf6 {[%clk 1:32:05]} 5. Nc3 {[%clk 1:24:13]} c5 {[%clk 1:32:12]} 6. Nf3 {[%clk
1:23:07]} cxd4 {[%clk 1:28:52]} 7. Nxd4 {[%clk 1:22:42]} Nc6 {[%clk 1:27:58]}
8. Be3 {[%clk 1:22:47]} Nxd4 {[%clk 1:27:45]} 9. Bxd4 {[%clk 1:22:59]} O-O
{[%clk 1:27:50]} 10. O-O {[%clk 1:23:09]} Qa5 {[%clk 1:26:50]} 11. a3 {[%clk
1:21:50]} Be6 {[%clk 1:24:06]} 12. Qe1 {[%clk 1:17:56]} Qd8 {[%clk 1:18:49]}
13. Rd1 {[%clk 1:17:43]} a6 {[%clk 1:05:32]} 14. Qg3 {[%clk 1:12:33]} Rc8
{[%clk 1:00:46]} 15. Kh1 {[%clk 1:10:07]} Bc4 {[%clk 0:59:34]} 16. Rfe1 {[%clk
1:03:44]} Bxe2 {[%clk 0:58:08]} 17. Rxe2 {[%clk 1:03:51]} Nh5 {[%clk 0:57:58]}
18. Qf2 {[%clk 1:02:27]} Bxd4 {[%clk 0:56:06]} 19. Rxd4 {[%clk 1:01:39]} Nxf4
{[%clk 0:55:08]} 20. Re3 {[%clk 0:53:44]} e5 {[%clk 0:46:48]} 21. Rd2 {[%clk
0:45:28]} f5 {[%clk 0:42:08]} 22. exf5 {[%clk 0:41:28]} Rxf5 {[%clk 0:41:26]}
23. g4 {[%clk 0:39:47]} Rf8 {[%clk 0:39:50]} 24. Qe1 {[%clk 0:32:34]} Qb6
{[%clk 0:36:28]} 25. b4 {[%clk 0:30:41]} Qc6+ {[%clk 0:26:50]} 26. Kg1 {[%clk
0:28:48]} d5 {[%clk 0:26:03]} 27. Ne2 {[%clk 0:22:47]} Ng2 {[%clk 0:23:59]} 28.
Qg3 {[%clk 0:16:05]} Nxe3 {[%clk 0:24:11]} 29. Qxe3 {[%clk 0:16:28]} Qf6 {[%clk
0:23:45]} 30. Ng3 {[%clk 0:16:25]} Qf4 {[%clk 0:23:30]} 31. Qe2 {[%clk
0:15:52]} d4 {[%clk 0:22:55]} 32. Rd3 {[%clk 0:13:57]} Qc1+ {[%clk 0:22:48]}
33. Rd1 {[%clk 0:13:43]} Qxc2 {[%clk 0:22:23]} 34. Rd2 {[%clk 0:11:48]} Qc4
{[%clk 0:22:21]} 35. Qg2 {[%clk 0:10:52]} Qc1+ {[%clk 0:22:33]} 36. Nf1 {[%clk
0:11:12]} Rxf1+ {[%clk 0:22:55]} 0-1

[Event "DVM U14 2014"]
[Site "Regensburg GER"]
[Date "2014.12.28"]
[Round "4"]
[White "Kagan, Dennis"]
[Black "Nguyen Dang, Lukas"]
[Result "1-0"]
[Termination "normal"]
[Board "1.3"]
[WhiteElo "1926"]
[BlackElo "1582"]
[WhiteClock "00:05:57"]
[BlackClock "00:01:30"]
[WhiteTeam "SG Porz"]
[BlackTeam "SK König Plauen"]
[PlyCount "75"]
[WhiteFideId "12983578"]
[BlackFideId "12957135"]
[EventCountry "GER"]
[EventRounds "7"]
[EventType "team-swiss"]
[EventDate "2014.12.26"]

1. e4 {[%clk 1:30:57]} c5 {[%clk 1:30:48]} 2. Nc3 {[%clk 1:31:13]} Nc6 {[%clk
1:31:01]} 3. g3 {[%clk 1:31:26]} Nf6 {[%clk 1:31:09]} 4. Bg2 {[%clk 1:31:46]}
e6 {[%clk 1:31:15]} 5. Nge2 {[%clk 1:32:05]} Be7 {[%clk 1:29:50]} 6. O-O {[%clk
1:31:17]} O-O {[%clk 1:29:57]} 7. Kh1 {[%clk 1:30:23]} d5 {[%clk 1:28:42]} 8.
exd5 {[%clk 1:30:20]} exd5 {[%clk 1:29:09]} 9. d4 {[%clk 1:30:09]} Be6 {[%clk
1:26:54]} 10. f4 {[%clk 1:19:41]} Bf5 {[%clk 1:20:51]} 11. Be3 {[%clk 1:14:25]}
c4 {[%clk 1:20:59]} 12. h3 {[%clk 1:13:28]} Bb4 {[%clk 1:13:58]} 13. g4 {[%clk
1:09:17]} Re8 {[%clk 1:11:00]} 14. Bd2 {[%clk 1:00:26]} Bxc3 {[%clk 0:58:14]}
15. Nxc3 {[%clk 0:54:06]} Be4 {[%clk 0:57:00]} 16. Be1 {[%clk 0:49:40]} Qd7
{[%clk 0:51:01]} 17. Bg3 {[%clk 0:43:00]} h5 {[%clk 0:44:02]} 18. f5 {[%clk
0:39:43]} hxg4 {[%clk 0:34:33]} 19. hxg4 {[%clk 0:38:35]} Bxg2+ {[%clk
0:20:47]} 20. Kxg2 {[%clk 0:38:48]} Ne4 {[%clk 0:20:54]} 21. Ne2 {[%clk
0:31:44]} Re7 {[%clk 0:19:11]} 22. Bh4 {[%clk 0:30:46]} f6 {[%clk 0:17:26]} 23.
c3 {[%clk 0:28:37]} Rae8 {[%clk 0:17:38]} 24. Nf4 {[%clk 0:26:37]} Nd6 {[%clk
0:11:56]} 25. Qf3 {[%clk 0:23:20]} Ne4 {[%clk 0:10:33]} 26. Rad1 {[%clk
0:20:32]} Nd8 {[%clk 0:08:03]} 27. Rh1 {[%clk 0:17:19]} Nf7 {[%clk 0:07:28]}
28. Ng6 {[%clk 0:17:06]} Nfg5 {[%clk 0:07:45]} 29. Bxg5 {[%clk 0:15:37]} Nxg5
{[%clk 0:07:50]} 30. Nxe7+ {[%clk 0:15:45]} Rxe7 {[%clk 0:08:00]} 31. Qf1
{[%clk 0:14:18]} Re3 {[%clk 0:08:00]} 32. Re1 {[%clk 0:12:57]} Rd3 {[%clk
0:07:54]} 33. Rd1 {[%clk 0:10:08]} Re3 {[%clk 0:07:30]} 34. Re1 {[%clk
0:09:05]} Rd3 {[%clk 0:07:38]} 35. Rd1 {[%clk 0:09:25]} Rf3 {[%clk 0:06:51]}
36. Qe2 {[%clk 0:08:14]} Kf7 {[%clk 0:06:25]} 37. Rh8 {[%clk 0:07:31]} b6
{[%clk 0:01:30]} 38. Re1 {[%clk 0:05:57]} 1-0

[Event "DVM U14 2014"]
[Site "Regensburg GER"]
[Date "2014.12.28"]
[Round "4"]
[White "Burian, Simon"]
[Black "Sewald, Kathrin"]
[Result "1-0"]
[Termination "normal"]
[Board "1.4"]
[WhiteElo "1769"]
[BlackElo "1503"]
[WhiteClock "00:13:02"]
[BlackClock "00:03:55"]
[WhiteTeam "SK König Plauen"]
[BlackTeam "SG Porz"]
[PlyCount "91"]
[WhiteFideId "12956902"]
[BlackFideId "12964557"]
[EventCountry "GER"]
[EventRounds "7"]
[EventType "team-swiss"]
[EventDate "2014.12.26"]

1. e4 {[%clk 1:30:57]} e5 {[%clk 1:30:56]} 2. Nf3 {[%clk 1:31:17]} Nc6 {[%clk
1:31:21]} 3. Bc4 {[%clk 1:31:33]} Bc5 {[%clk 1:31:49]} 4. c3 {[%clk 1:31:34]}
Nf6 {[%clk 1:32:14]} 5. d3 {[%clk 1:31:39]} d6 {[%clk 1:31:14]} 6. Nbd2 {[%clk
1:29:03]} Bg4 {[%clk 1:26:37]} 7. h3 {[%clk 1:27:10]} Bh5 {[%clk 1:26:49]} 8.
Nf1 {[%clk 1:24:46]} a6 {[%clk 1:18:11]} 9. Bb3 {[%clk 1:21:52]} Qe7 {[%clk
1:09:28]} 10. Ng3 {[%clk 1:19:07]} Bg6 {[%clk 1:09:29]} 11. O-O {[%clk
1:17:02]} Nh5 {[%clk 1:06:00]} 12. Nxh5 {[%clk 1:11:55]} Bxh5 {[%clk 1:06:14]}
13. g4 {[%clk 1:11:44]} Bg6 {[%clk 1:04:42]} 14. Re1 {[%clk 1:09:51]} O-O-O
{[%clk 1:03:22]} 15. Bd5 {[%clk 1:07:43]} Nb8 {[%clk 1:02:29]} 16. b4 {[%clk
1:07:01]} Bb6 {[%clk 0:59:52]} 17. b5 {[%clk 1:05:58]} axb5 {[%clk 0:57:10]}
18. a4 c6 {[%clk 0:55:47]} 19. Bb3 {[%clk 1:04:11]} bxa4 {[%clk 0:55:31]} 20.
Bxa4 {[%clk 1:04:07]} Kc7 {[%clk 0:53:03]} 21. Rb1 {[%clk 1:01:26]} Nd7 {[%clk
0:49:40]} 22. Qb3 {[%clk 1:00:22]} Ra8 {[%clk 0:46:32]} 23. Be3 {[%clk
0:59:42]} Ra6 {[%clk 0:46:20]} 24. Qc2 {[%clk 0:56:13]} Bxe3 {[%clk 0:42:30]}
25. fxe3 {[%clk 0:56:37]} Rha8 {[%clk 0:41:40]} 26. Bb3 {[%clk 0:56:06]} h5
{[%clk 0:37:37]} 27. g5 {[%clk 0:55:17]} f5 {[%clk 0:36:00]} 28. gxf6 {[%clk
0:46:26]} gxf6 {[%clk 0:33:42]} 29. Kh2 {[%clk 0:43:15]} Bf7 {[%clk 0:31:38]}
30. c4 {[%clk 0:42:22]} Be6 {[%clk 0:27:34]} 31. d4 {[%clk 0:38:40]} Bg8 {[%clk
0:23:05]} 32. Nh4 {[%clk 0:33:37]} Bh7 {[%clk 0:20:21]} 33. Nf5 {[%clk
0:32:06]} Bxf5 {[%clk 0:20:13]} 34. exf5 {[%clk 0:32:24]} Ra5 {[%clk 0:16:50]}
35. Rbd1 {[%clk 0:28:18]} Nf8 {[%clk 0:14:30]} 36. Rg1 {[%clk 0:22:02]} Nh7
{[%clk 0:12:14]} 37. h4 {[%clk 0:19:57]} Nf8 {[%clk 0:10:57]} 38. Rg3 {[%clk
0:18:24]} Ra1 {[%clk 0:10:19]} 39. Qg2 {[%clk 0:17:38]} Nd7 {[%clk 0:09:49]}
40. Rg7 {[%clk 0:16:45]} Qf8 {[%clk 0:08:20]} 41. Rxa1 {[%clk 0:14:11]} Rxa1
{[%clk 0:08:19]} 42. Rh7 {[%clk 0:13:10]} Rb1 {[%clk 0:06:44]} 43. Qa2 {[%clk
0:12:55]} Re1 {[%clk 0:05:40]} 44. Qa5+ {[%clk 0:13:18]} Kb8 {[%clk 0:04:13]}
45. Qxe1 {[%clk 0:13:37]} Nb6 {[%clk 0:03:55]} 46. Qb4 {[%clk 0:13:02]} 1-0

[Event "DVM U14 2014"]
[Site "Regensburg GER"]
[Date "2014.12.28"]
[Round "4"]
[White "Killgus, Leonard"]
[Black "Oberhofer, Cédric"]
[Result "1/2-1/2"]
[Termination "normal"]
[Board "2.1"]
[WhiteElo "1724"]
[BlackElo "2066"]
[WhiteClock "00:09:15"]
[BlackClock "00:23:34"]
[WhiteTeam "SK Johanneum Eppendorf"]
[BlackTeam "SC Bavaria Regensburg"]
[PlyCount "99"]
[WhiteFideId "12922021"]
[BlackFideId "12941220"]
[EventCountry "GER"]
[EventRounds "7"]
[EventType "team-swiss"]
[EventDate "2014.12.26"]

1. e4 {[%clk 1:30:58]} c5 {[%clk 1:30:56]} 2. Nf3 {[%clk 1:31:14]} d6 {[%clk
1:31:22]} 3. d4 {[%clk 1:31:31]} cxd4 {[%clk 1:31:49]} 4. Nxd4 {[%clk 1:31:49]}
Nf6 {[%clk 1:32:15]} 5. Nc3 {[%clk 1:31:45]} a6 {[%clk 1:32:42]} 6. Be3 {[%clk
1:32:05]} e6 {[%clk 1:32:24]} 7. f3 {[%clk 1:30:35]} b5 {[%clk 1:32:19]} 8. Bd3
{[%clk 1:24:44]} Bb7 {[%clk 1:29:32]} 9. Qd2 {[%clk 1:20:52]} Nbd7 {[%clk
1:27:35]} 10. O-O-O {[%clk 1:12:00]} Rc8 {[%clk 1:24:36]} 11. g4 {[%clk
1:06:51]} Nb6 {[%clk 1:23:46]} 12. g5 {[%clk 1:01:10]} Nfd7 {[%clk 1:24:05]}
13. Qf2 {[%clk 0:58:51]} b4 {[%clk 1:16:11]} 14. Nb1 {[%clk 0:53:24]} Qc7
{[%clk 1:06:34]} 15. h4 {[%clk 0:43:50]} d5 {[%clk 0:56:45]} 16. e5 {[%clk
0:42:39]} Nc5 {[%clk 0:52:46]} 17. f4 {[%clk 0:40:38]} Nxd3+ {[%clk 0:49:33]}
18. Rxd3 {[%clk 0:40:56]} Nc4 {[%clk 0:49:32]} 19. Nd2 {[%clk 0:38:39]} Nxe3
{[%clk 0:47:44]} 20. Qxe3 {[%clk 0:37:28]} a5 {[%clk 0:41:48]} 21. N2f3 {[%clk
0:37:40]} Bc5 {[%clk 0:38:57]} 22. Rd2 {[%clk 0:35:59]} a4 {[%clk 0:34:56]} 23.
Kd1 {[%clk 0:24:04]} Qb6 {[%clk 0:29:17]} 24. Ke2 {[%clk 0:22:16]} Ba6+ {[%clk
0:27:57]} 25. Kf2 {[%clk 0:22:28]} Ra8 {[%clk 0:22:54]} 26. Kg3 {[%clk
0:21:36]} Bc4 {[%clk 0:19:22]} 27. b3 {[%clk 0:20:57]} Ba6 {[%clk 0:19:08]} 28.
Rdd1 {[%clk 0:20:42]} Rc8 {[%clk 0:18:35]} 29. Qd2 {[%clk 0:19:04]} Bxd4 {[%clk
0:17:16]} 30. Qxd4 {[%clk 0:17:11]} Qb7 {[%clk 0:15:24]} 31. Rh2 {[%clk
0:14:54]} a3 {[%clk 0:14:43]} 32. h5 {[%clk 0:14:30]} Rc3 {[%clk 0:14:15]} 33.
Rdd2 {[%clk 0:13:22]} h6 {[%clk 0:10:23]} 34. Kg4 {[%clk 0:06:52]} Rg8 {[%clk
0:08:40]} 35. Nh4 {[%clk 0:05:29]} Ke7 {[%clk 0:07:36]} 36. Rhf2 {[%clk
0:04:21]} Rf8 {[%clk 0:04:43]} 37. f5 {[%clk 0:03:11]} hxg5 {[%clk 0:04:34]}
38. f6+ {[%clk 0:02:40]} gxf6 {[%clk 0:04:40]} 39. exf6+ {[%clk 0:03:06]} Kd7
{[%clk 0:01:56]} 40. Nf3 {[%clk 0:03:07]} Rh8 {[%clk 0:01:14]} 41. Rh2 {[%clk
0:29:24]} Qb8 {[%clk 0:28:45]} 42. Rh3 {[%clk 0:23:37]} Qf4+ {[%clk 0:23:19]}
43. Qxf4 {[%clk 0:22:45]} gxf4 {[%clk 0:23:47]} 44. Ne5+ {[%clk 0:18:40]} Ke8
{[%clk 0:24:09]} 45. Rxc3 {[%clk 0:17:22]} bxc3 {[%clk 0:24:36]} 46. Rh2 {[%clk
0:17:41]} d4 {[%clk 0:23:34]} 47. Kxf4 {[%clk 0:09:15]} d3 48. Nxd3 Bxd3 49.
cxd3 c2 50. Rh1 1/2-1/2

[Event "DVM U14 2014"]
[Site "Regensburg GER"]
[Date "2014.12.28"]
[Round "4"]
[White "Dechant, Georg"]
[Black "Keyser, Robin"]
[Result "1-0"]
[Termination "normal"]
[Board "2.2"]
[WhiteElo "1759"]
[BlackElo "1752"]
[WhiteClock "00:48:08"]
[BlackClock "00:01:17"]
[WhiteTeam "SC Bavaria Regensburg"]
[BlackTeam "SK Johanneum Eppendorf"]
[PlyCount "77"]
[WhiteFideId "12956716"]
[BlackFideId "12986429"]
[EventCountry "GER"]
[EventRounds "7"]
[EventType "team-swiss"]
[EventDate "2014.12.26"]

1. e4 {[%clk 1:30:58]} c5 {[%clk 1:30:54]} 2. Nf3 {[%clk 1:31:24]} d6 {[%clk
1:31:12]} 3. d4 {[%clk 1:31:50]} cxd4 {[%clk 1:31:36]} 4. Nxd4 {[%clk 1:32:16]}
Nf6 {[%clk 1:31:40]} 5. Nc3 {[%clk 1:32:40]} a6 {[%clk 1:31:51]} 6. f4 {[%clk
1:33:04]} Qc7 {[%clk 1:31:54]} 7. Qe2 {[%clk 1:32:52]} Nbd7 {[%clk 1:31:39]} 8.
g4 {[%clk 1:31:20]} e5 {[%clk 1:30:07]} 9. Nb3 {[%clk 1:30:56]} Nc5 {[%clk
1:28:15]} 10. g5 {[%clk 1:30:30]} Nxb3 {[%clk 1:27:03]} 11. axb3 {[%clk
1:30:39]} Nd7 {[%clk 1:26:53]} 12. Nd5 {[%clk 1:30:26]} Qc6 {[%clk 1:24:08]}
13. Be3 {[%clk 1:27:31]} exf4 {[%clk 1:22:05]} 14. Bxf4 {[%clk 1:27:50]} Ne5
{[%clk 1:22:25]} 15. Bxe5 {[%clk 1:22:36]} dxe5 {[%clk 1:22:42]} 16. O-O-O
{[%clk 1:22:56]} Be6 {[%clk 1:21:48]} 17. Bg2 {[%clk 1:21:45]} Bc5 {[%clk
1:20:43]} 18. Qf3 {[%clk 1:15:13]} Rc8 {[%clk 1:19:11]} 19. Rd2 {[%clk
1:09:56]} O-O {[%clk 1:16:14]} 20. Qg3 {[%clk 1:09:22]} Bxd5 {[%clk 1:13:10]}
21. exd5 {[%clk 1:09:42]} Qb6 {[%clk 1:13:28]} 22. Rd3 {[%clk 1:07:42]} Bd6
{[%clk 1:10:35]} 23. Be4 {[%clk 1:07:19]} Qc5 {[%clk 1:06:13]} 24. Rc3 {[%clk
1:05:44]} Qd4 {[%clk 1:06:16]} 25. Rxc8 {[%clk 1:05:15]} Rxc8 {[%clk 1:06:37]}
26. Qh3 {[%clk 1:05:38]} Qxe4 {[%clk 1:06:11]} 27. Qxc8+ {[%clk 1:06:02]} Bf8
{[%clk 1:06:36]} 28. Rd1 {[%clk 1:06:09]} Qe3+ {[%clk 1:04:20]} 29. Kb1 {[%clk
1:06:08]} Qe2 {[%clk 0:52:22]} 30. Rc1 {[%clk 1:06:21]} Qd2 {[%clk 0:37:56]}
31. Qxb7 {[%clk 1:04:35]} Qxg5 {[%clk 0:26:52]} 32. Qb8 {[%clk 0:55:13]} Qe7
{[%clk 0:16:17]} 33. c4 {[%clk 0:55:26]} e4 {[%clk 0:10:51]} 34. Qf4 {[%clk
0:53:31]} Qb4 {[%clk 0:04:53]} 35. Rf1 {[%clk 0:50:50]} Qb7 {[%clk 0:04:36]}
36. Qxe4 {[%clk 0:50:05]} Qxb3 {[%clk 0:04:20]} 37. d6 {[%clk 0:48:45]} Qh3
{[%clk 0:02:51]} 38. Rd1 {[%clk 0:48:15]} Qd7 {[%clk 0:01:17]} 39. c5 {[%clk
0:48:08]} 1-0

[Event "DVM U14 2014"]
[Site "Regensburg GER"]
[Date "2014.12.28"]
[Round "4"]
[White "Keyser, Philipp"]
[Black "Brüll, Elias"]
[Result "0-1"]
[Termination "normal"]
[Board "2.3"]
[WhiteElo "1643"]
[BlackElo "1724"]
[WhiteClock "00:15:18"]
[BlackClock "00:08:59"]
[WhiteTeam "SK Johanneum Eppendorf"]
[BlackTeam "SC Bavaria Regensburg"]
[PlyCount "84"]
[WhiteFideId "12986437"]
[BlackFideId "12964921"]
[EventCountry "GER"]
[EventRounds "7"]
[EventType "team-swiss"]
[EventDate "2014.12.26"]

1. e4 {[%clk 1:30:57]} c5 {[%clk 1:30:56]} 2. Nf3 {[%clk 1:31:21]} d6 {[%clk
1:31:18]} 3. d4 {[%clk 1:31:45]} cxd4 {[%clk 1:31:45]} 4. Nxd4 {[%clk 1:32:07]}
Nf6 {[%clk 1:32:13]} 5. Nc3 {[%clk 1:32:25]} a6 {[%clk 1:32:38]} 6. Bg5 {[%clk
1:32:41]} e6 {[%clk 1:32:25]} 7. Qe2 {[%clk 1:33:04]} Be7 {[%clk 1:31:34]} 8.
O-O-O {[%clk 1:32:22]} Qc7 {[%clk 1:21:51]} 9. h4 {[%clk 1:29:12]} h6 {[%clk
1:17:32]} 10. Bd2 {[%clk 1:27:49]} e5 {[%clk 1:14:52]} 11. Nb3 {[%clk 1:20:27]}
Be6 {[%clk 1:13:48]} 12. f3 {[%clk 1:16:39]} b5 {[%clk 1:12:02]} 13. a3 {[%clk
1:12:19]} Nbd7 {[%clk 1:10:59]} 14. Kb1 {[%clk 1:08:41]} Nb6 {[%clk 1:09:34]}
15. Qf2 {[%clk 0:56:46]} Nc4 {[%clk 1:04:53]} 16. g4 {[%clk 0:52:42]} Nd7
{[%clk 1:02:46]} 17. Nd5 {[%clk 0:46:30]} Bxd5 {[%clk 1:02:00]} 18. exd5 {[%clk
0:46:58]} Ndb6 {[%clk 0:58:23]} 19. Be3 {[%clk 0:40:47]} Na4 {[%clk 0:53:53]}
20. Bc1 {[%clk 0:38:37]} Nxa3+ {[%clk 0:53:10]} 21. Ka1 {[%clk 0:29:38]} Qxc2
{[%clk 0:44:33]} 22. Qxc2 {[%clk 0:28:35]} Nxc2+ {[%clk 0:44:53]} 23. Kb1
{[%clk 0:29:03]} Rc8 {[%clk 0:38:37]} 24. Bd3 {[%clk 0:28:02]} Nb4 {[%clk
0:35:29]} 25. Be4 {[%clk 0:28:11]} Nc5 {[%clk 0:34:22]} 26. Nxc5 {[%clk
0:27:10]} Rxc5 {[%clk 0:33:57]} 27. Be3 {[%clk 0:23:46]} Rc4 {[%clk 0:30:35]}
28. Rc1 {[%clk 0:23:23]} O-O {[%clk 0:28:54]} 29. Rxc4 {[%clk 0:19:57]} bxc4
{[%clk 0:29:23]} 30. h5 {[%clk 0:19:58]} Nd3 {[%clk 0:20:59]} 31. Bxd3 {[%clk
0:18:41]} cxd3 {[%clk 0:21:21]} 32. Rd1 {[%clk 0:19:03]} f5 {[%clk 0:21:37]}
33. Rg1 {[%clk 0:16:35]} Bg5 {[%clk 0:15:23]} 34. Bb6 {[%clk 0:15:22]} Rc8
{[%clk 0:12:43]} 35. Ba5 {[%clk 0:15:36]} d2 {[%clk 0:12:41]} 36. Bc3 {[%clk
0:15:46]} fxg4 {[%clk 0:11:34]} 37. fxg4 {[%clk 0:16:09]} e4 {[%clk 0:11:26]}
38. Kc2 {[%clk 0:15:18]} e3 {[%clk 0:11:36]} 39. Rg2 {[%clk 0:15:16]} Rf8
{[%clk 0:08:49]} 40. Rg1 {[%clk 0:14:39]} e2 {[%clk 0:08:30]} 41. Bxd2 {[%clk
0:14:51]} Bxd2 {[%clk 0:08:59]} 42. Kxd2 {[%clk 0:15:18]} Rf1 0-1

[Event "DVM U14 2014"]
[Site "Regensburg GER"]
[Date "2014.12.28"]
[Round "4"]
[White "Sammet, Dominik"]
[Black "Palzer, Luca"]
[Result "1-0"]
[Termination "normal"]
[Board "2.4"]
[WhiteElo "1551"]
[BlackElo "1276"]
[WhiteClock "00:34:23"]
[BlackClock "00:16:09"]
[WhiteTeam "SC Bavaria Regensburg"]
[BlackTeam "SK Johanneum Eppendorf"]
[PlyCount "59"]
[WhiteFideId "12987875"]
[BlackFideId "16200683"]
[EventCountry "GER"]
[EventRounds "7"]
[EventType "team-swiss"]
[EventDate "2014.12.26"]

1. e4 {[%clk 1:30:56]} c5 {[%clk 1:30:59]} 2. Nf3 {[%clk 1:31:16]} d6 {[%clk
1:31:24]} 3. d4 {[%clk 1:31:33]} cxd4 {[%clk 1:31:52]} 4. Nxd4 {[%clk 1:31:51]}
Nf6 {[%clk 1:32:17]} 5. Nc3 {[%clk 1:32:02]} a6 {[%clk 1:32:42]} 6. Be3 {[%clk
1:32:14]} e6 {[%clk 1:33:03]} 7. Be2 {[%clk 1:31:51]} Be7 {[%clk 1:33:07]} 8.
O-O {[%clk 1:30:33]} b5 {[%clk 1:33:05]} 9. a3 {[%clk 1:28:45]} Bb7 {[%clk
1:33:15]} 10. f3 {[%clk 1:27:57]} Nbd7 {[%clk 1:31:00]} 11. g4 {[%clk 1:23:46]}
Nb6 {[%clk 1:29:56]} 12. Qe1 {[%clk 1:20:07]} O-O {[%clk 1:21:11]} 13. g5
{[%clk 1:11:44]} Nfd7 {[%clk 1:19:57]} 14. h4 {[%clk 1:07:54]} Re8 {[%clk
1:07:24]} 15. Qg3 {[%clk 1:05:40]} Bf8 {[%clk 0:51:33]} 16. h5 {[%clk 0:57:59]}
g6 {[%clk 0:46:54]} 17. Nb3 {[%clk 0:44:10]} Rc8 {[%clk 0:45:26]} 18. f4 {[%clk
0:43:02]} f5 {[%clk 0:32:59]} 19. gxf6 {[%clk 0:41:45]} Qxf6 {[%clk 0:32:30]}
20. Bd4 {[%clk 0:40:29]} Qf7 {[%clk 0:29:13]} 21. f5 {[%clk 0:40:09]} e5 {[%clk
0:24:58]} 22. fxg6 {[%clk 0:38:46]} Qg7 {[%clk 0:23:25]} 23. Bxb6 {[%clk
0:35:43]} Re7 {[%clk 0:22:00]} 24. Be3 {[%clk 0:33:45]} hxg6 {[%clk 0:17:55]}
25. Qxg6 {[%clk 0:33:12]} Qxg6+ {[%clk 0:17:08]} 26. hxg6 {[%clk 0:33:34]} Kg7
{[%clk 0:16:26]} 27. Bh5 {[%clk 0:33:31]} Nf6 {[%clk 0:16:00]} 28. Bg5 {[%clk
0:33:32]} Nxh5 {[%clk 0:15:48]} 29. Bxe7 {[%clk 0:33:54]} Bxe7 {[%clk 0:16:09]}
30. Rf7+ {[%clk 0:34:23]} 1-0

[Event "DVM U14 2014"]
[Site "Regensburg GER"]
[Date "2014.12.28"]
[Round "4"]
[White "Laubrock, Paul"]
[Black "Biastoch, Bennet"]
[Result "0-1"]
[Termination "normal"]
[Board "3.1"]
[WhiteElo "1902"]
[BlackElo "1940"]
[WhiteTeam "Hagener SV"]
[BlackTeam "SG Aufbau Elbe Magdeburg"]
[PlyCount "116"]
[WhiteFideId "1270509"]
[BlackFideId "12939889"]
[EventCountry "GER"]
[EventRounds "7"]
[EventType "team-swiss"]
[EventDate "2014.12.26"]

1. d4 Nf6 2. Nc3 d5 3. Bg5 Nbd7 4. Qd3 e6 5. e4 dxe4 6. Nxe4 Be7 7. Nxf6+ Nxf6
8. Nf3 b6 9. Ne5 Bb7 10. Bxf6 gxf6 11. Qb5+ Kf8 12. Nc6 Qe8 13. Nxe7 Qxb5 14.
Bxb5 Kxe7 15. f3 Rhg8 16. Kf2 Rad8 17. Rad1 Rd5 18. Bc4 Rdg5 19. Rhg1 Rh5 20.
h3 Rd8 21. Rge1 Rh4 22. c3 c5 23. Kg3 Rh5 24. dxc5 Rxc5 25. Rxd8 Kxd8 26. Rd1+
Ke7 27. Bb3 Bc6 28. Rd4 Re5 29. Kf2 Bb5 30. c4 Bc6 31. Rh4 h5 32. Rd4 Rf5 33.
Bc2 Rc5 34. b4 Rg5 35. h4 Rg8 36. a3 Rc8 37. Bb3 e5 38. Rd2 f5 39. Ke3 f4+ 40.
Kf2 f5 41. Bc2 Ke6 42. c5 e4 43. fxe4 fxe4 44. Rd6+ Ke5 45. Bd1 bxc5 46. bxc5
Be8 47. Bb3 e3+ 48. Ke1 Bc6 49. Rg6 Be4 50. Rg5+ Kd4 51. Rg7 Rxc5 52. Rf7 Rc1+
53. Bd1 Bc2 54. Rd7+ Ke5 55. Ke2 Rxd1 56. Rxd1 Bxd1+ 57. Kxd1 Kf5 58. Ke2 Kg4
0-1